Top 500 Most Populated Subdivisions of the World - Statistics

General Stats
  • This quiz has been taken 368 times
  • The average score is 174 of 497
Answer Stats
Country Subdivision Population % Correct
United States New York 20.3 mil
87%
United States Texas 30.9 mil
86%
United States California 40.2 mil
85%
Haiti Ouest 4.32 mil
85%
Nepal Sudurpashchim 2.87 mil
85%
Sri Lanka Western 6.14 mil
85%
Rwanda Western 3.07 mil
85%
Cameroon North 3.09 mil
83%
Malawi Southern 9.21 mil
81%
Rwanda Southern 3.18 mil
81%
Ethiopia Southern Nations,Nationalities, and Peoples' Region 3.96 mil
81%
United Kingdom England 57.1 mil
80%
United States Florida 22.9 mil
80%
United States Washington 8.02 mil
79%
Rwanda Eastern 3.78 mil
77%
Ghana Eastern 3.23 mil
77%
Saudi Arabia Eastern Province 5.54 mil
77%
South Africa Mpumalanga 4.70 mil
77%
Philippines National Capital 14.5 mil
77%
United States Pennsylvania 13.4 mil
77%
Myanmar Shan 5.58 mil
77%
China Beijing 22.2 mil
76%
United States Georgia 11.2 mil
76%
Brazil Rio de Janeiro 17.7 mil
76%
United States Illinois 13.0 mil
75%
Russia Moscow 12.9 mil
75%
Russia Moscow 8.48 mil
75%
United States Ohio 12.1 mil
75%
India Uttar Pradesh 247 mil
75%
Brazil São Paulo 47.1 mil
74%
India Delhi 19.5 mil
73%
Bangladesh Dhaka 46.2 mil
73%
Mexico Mexico City 9.39 mil
73%
United States North Carolina 11.0 mil
73%
United States Oregon 4.37 mil
73%
Indonesia Special CapitalRegion of Jakarta 10.7 mil
73%
Mexico México 17.3 mil
72%
United States Michigan 10.3 mil
72%
Morocco Souss-Massa 3.09 mil
72%
Japan Tokyo 13.5 mil
72%
Egypt Cairo 11.1 mil
71%
Canada Ontario 15.1 mil
71%
United Kingdom Scotland 5.54 mil
71%
China Shanghai 25.3 mil
71%
United States Virginia 8.94 mil
71%
United States Missouri 6.36 mil
70%
India West Bengal 104 mil
70%
United States Arizona 7.58 mil
69%
United States Colorado 6.02 mil
69%
United States Kentucky 4.65 mil
69%
United States Minnesota 5.89 mil
69%
United States Mississippi 3.03 mil
69%
United States Nevada 3.27 mil
69%
United States New Jersey 9.54 mil
69%
Pakistan Punjab 123 mil
69%
India Punjab 31.4 mil
69%
United States South Carolina 5.44 mil
69%
Iran Tehran 14.8 mil
69%
United Kingdom Wales 3.14 mil
69%
United States Alabama 5.23 mil
68%
Germany Bavaria 13.2 mil
68%
Argentina Buenos Aires 17.5 mil
68%
Argentina Buenos Aires 3.10 mil
68%
Colombia Capital District 7.95 mil
68%
United States Indiana 7.04 mil
68%
Turkey Istanbul 16.0 mil
68%
United States Massachusetts 7.19 mil
68%
Canada Quebec 8.60 mil
68%
United States Kansas 3.03 mil
66%
Nigeria Lagos 13.9 mil
66%
South Korea Seoul 9.58 mil
66%
United States Tennessee 7.26 mil
66%
Germany Berlin 3.68 mil
65%
United States Louisiana 4.73 mil
65%
Spain Madrid 6.73 mil
64%
United States Maryland 6.35 mil
64%
United States Oklahoma 4.14 mil
64%
Japan Osaka 8.54 mil
64%
Russia Saint Petersburg 5.53 mil
64%
China Tibet 3.71 mil
64%
United States Arkansas 3.14 mil
63%
Canada British Columbia 5.29 mil
63%
Nigeria Federal Capital Territory 3.16 mil
63%
China Inner Mongolia 24.4 mil
63%
D. R. Congo Kinshasa 14.5 mil
63%
Saudi Arabia Makkah 9.71 mil
63%
Malawi Central 8.96 mil
62%
Ghana Central 3.16 mil
62%
Cameroon Centre 5.26 mil
62%
Burkina Faso Centre 3.42 mil
62%
China Guangdong 127 mil
62%
United States Iowa 3.30 mil
62%
Australia New South Wales 8.28 mil
62%
United States Wisconsin 6.07 mil
62%
Spain Catalonia 7.77 mil
61%
India Gujarat 66.5 mil
61%
United States Utah 3.48 mil
61%
Pakistan Azad Jammu andKashmir 4.53 mil
60%
United States Connecticut 3.74 mil
60%
Vietnam Hà Nội 8.27 mil
60%
Vietnam Hồ Chí Minh 9.23 mil
60%
China Hong Kong 7.53 mil
60%
India Jammu and Kashmir 14.2 mil
60%
Italy Sicily 4.81 mil
60%
Ethiopia Addis Ababa 4.63 mil
59%
Egypt Alexandria 6.00 mil
59%
Iraq Baghdad 9.71 mil
59%
China Hainan 10.2 mil
59%
Peru Lima 10.3 mil
59%
Australia Queensland 5.41 mil
59%
China Sichuan 85.0 mil
59%
India Maharashtra 128 mil
58%
Australia Victoria 6.73 mil
58%
China Xinjiang Uyghur 26.3 mil
58%
Bangladesh Chittagong 34.7 mil
57%
Turkey Ankara 5.81 mil
56%
Thailand Bangkok 6.06 mil
56%
France Île-de-France 12.8 mil
56%
India Tamil Nadu 81.0 mil
56%
China Tianjin 14.1 mil
56%
Canada Alberta 4.55 mil
55%
Morocco Casablanca-Settat 7.91 mil
55%
China Hubei 58.7 mil
55%
Germany North Rhine-Westphalia 17.9 mil
55%
India Rajasthan 84.3 mil
55%
China Chongqing 32.6 mil
54%
Nigeria Kano 15.9 mil
54%
Saudi Arabia Riyadh 9.32 mil
54%
Chile Santiago 7.94 mil
54%
Germany Saxony 4.05 mil
54%
France Brittany 3.30 mil
53%
Tanzania Dar es Salaam 5.86 mil
53%
China Hebei 75.8 mil
53%
China Hunan 67.5 mil
53%
Sudan Khartoum 9.13 mil
53%
Italy Lombardy 9.96 mil
53%
Angola Luanda 10.0 mil
53%
Morocco Rabat-Salé-Kénitra 5.20 mil
53%
Myanmar Yangon 8.27 mil
53%
United ArabEmirates Abu Dhabi 3.03 mil
52%
Spain Andalusia 8.48 mil
52%
Brazil Federal District 3.22 mil
52%
North Korea Pyongyang 3.54 mil
52%
Brazil Amazonas 4.30 mil
51%
Germany Baden-Württemberg 11.1 mil
51%
Mexico Baja California 3.86 mil
51%
India Bihar 130 mil
51%
Mexico Chihuahua 3.84 mil
51%
United ArabEmirates Dubai 3.65 mil
51%
Japan Hokkaido 5.06 mil
51%
Afghanistan Kabul 6.98 mil
51%
Nepal Koshi 5.26 mil
51%
India Madhya Pradesh 88.8 mil
51%
France Normandy 3.27 mil
51%
Italy Tuscany 3.65 mil
51%
South Korea Busan 3.35 mil
50%
China Henan 100 mil
50%
India Kerala 37.1 mil
50%
China Shandong 103 mil
50%
Indonesia Bali 4.44 mil
49%
China Fujian 42.2 mil
49%
Uzbekistan Tashkent 2.92 mil
49%
China Yunnan 47.9 mil
49%
India Assam 37.0 mil
48%
Germany Lower Saxony 8.03 mil
48%
Spain Valencia 5.08 mil
48%
Indonesia West Java 49.7 mil
48%
China Heilongjiang 32.3 mil
47%
India Karnataka 70.3 mil
47%
India Odisha 48.2 mil
47%
China Shaanxi 40.1 mil
47%
China Shanxi 35.5 mil
47%
Greece Attica 3.76 mil
46%
Ghana Greater Accra 6.02 mil
46%
Italy Lazio 5.71 mil
46%
China Liaoning 43.3 mil
46%
Syria Rif Dimashq 3.39 mil
46%
Pakistan Sindh 53.6 mil
46%
Ethiopia Somali 7.80 mil
46%
France Provence-Alpes-Côte d'Azur 5.00 mil
45%
Indonesia East Java 41.4 mil
45%
Belgium Flanders 6.76 mil
45%
South Africa Gauteng 16.0 mil
45%
China Jilin 24.5 mil
45%
Algeria Algiers 3.99 mil
44%
Yemen Amanat Al Asimah 4.28 mil
44%
India Andhra Pradesh 56.1 mil
44%
China Anhui 62.0 mil
44%
Pakistan Balochistan 13.8 mil
44%
China Jiangsu 86.1 mil
44%
Kenya Nairobi 5.08 mil
44%
Iran Sistan and Baluchestan 3.33 mil
44%
Mali Bamako 2.88 mil
43%
China Guangxi 50.9 mil
43%
Pakistan Khyber Pakhtunkhwa 39.8 mil
43%
Morocco Fès-Meknès 4.70 mil
42%
Turkey İzmir 4.49 mil
42%
Bolivia La Paz 3.11 mil
42%
Brazil Pará 8.80 mil
42%
China Zhejiang 65.6 mil
42%
Brazil Bahia 15.3 mil
41%
Indonesia Central Java 37.2 mil
41%
Japan Fukuoka 4.99 mil
41%
India Haryana 29.3 mil
41%
Brazil Minas Gerais 21.7 mil
41%
Mexico Veracruz 8.18 mil
41%
Senegal Dakar 4.06 mil
40%
Germany Hesse 6.30 mil
40%
China Jiangxi 45.9 mil
40%
South Africa KwaZulu-Natal 11.5 mil
40%
Germany Rhineland-Palatinate 4.11 mil
40%
Ivory Coast Abidjan 6.19 mil
39%
China Gansu 25.4 mil
39%
Morocco Marrakesh-Safi 5.10 mil
39%
Italy Piedmont 4.24 mil
39%
India Telangana 41.0 mil
39%
India Uttarakhand 11.7 mil
39%
Italy Emilia-Romagna 4.43 mil
38%
India Jharkhand 40.2 mil
38%
Brazil Mato Grosso 3.45 mil
38%
Indonesia North Sumatra 15.2 mil
38%
Mexico Oaxaca 4.14 mil
38%
DominicanRepublic Santo Domingo 3.18 mil
38%
Italy Veneto 4.84 mil
38%
Belgium Wallonia 3.69 mil
38%
Jordan Amman 4.76 mil
37%
India Chhattisgarh 30.6 mil
37%
Egypt Giza 10.2 mil
37%
Guatemala Guatemala 3.75 mil
37%
India Himachal Pradesh 7.75 mil
37%
South Korea Incheon 2.94 mil
37%
Zambia Lusaka 3.22 mil
37%
Russia Nizhny Novgorod 3.04 mil
37%
Brazil Paraná 11.8 mil
37%
Mexico Sonora 3.03 mil
37%
Syria Aleppo 4.14 mil
36%
France Grand Est 5.47 mil
36%
France Occitanie 5.84 mil
36%
Brazil Rio Grande do Sul 11.7 mil
36%
Russia Rostov 4.11 mil
36%
Morocco Tanger-Tetouan-AlHoceima 4.07 mil
36%
South Africa Western Cape 7.18 mil
36%
Argentina Córdoba 3.95 mil
35%
China Guizhou 39.2 mil
35%
France Hauts-de-France 5.91 mil
35%
Iran Isfahan 5.63 mil
35%
Myanmar Mandalay 5.98 mil
35%
South Africa North West 4.17 mil
35%
Mexico Nuevo León 5.90 mil
35%
Ethiopia Oromia 48.0 mil
35%
Mexico Puebla 6.60 mil
35%
China Qinghai 6.02 mil
35%
Ethiopia Amhara 27.4 mil
34%
Philippines Davao 5.63 mil
34%
Mexico Jalisco 8.48 mil
34%
China Ningxia 7.32 mil
34%
France Nouvelle-Aquitaine 5.92 mil
34%
Indonesia South Sumatra 8.70 mil
34%
Italy Campania 5.60 mil
33%
Russia Samara 3.10 mil
33%
Indonesia Aceh 5.44 mil
32%
South Africa Eastern Cape 6.65 mil
32%
Mexico Chiapas 5.66 mil
31%
Tanzania Dodoma 3.36 mil
31%
Ukraine Donetsk 3.38 mil
31%
Brazil Goiás 7.29 mil
31%
Brazil Mato Grosso do Sul 2.93 mil
31%
France Pays de la Loire 3.75 mil
31%
Brazil Santa Catarina 7.34 mil
31%
Poland Silesia 4.77 mil
31%
Ethiopia South West EthiopiaPeoples' Region 16.3 mil
31%
France Auvergne-Rhône-Alpes 7.92 mil
30%
Indonesia South Sulawesi 9.27 mil
30%
Russia Tatarstan 3.95 mil
30%
Iraq Basra 4.00 mil
29%
Japan Chiba 6.07 mil
29%
India Meghalaya 3.50 mil
29%
Brazil Rio Grande do Norte 3.68 mil
29%
Mexico Sinaloa 3.04 mil
29%
Turkey Bursa 3.21 mil
28%
United States Puerto Rico 3.32 mil
28%
Bolivia Santa Cruz 3.58 mil
28%
Germany Schleswig-Holstein 2.92 mil
28%
Bangladesh Sylhet 11.5 mil
28%
Ethiopia Tigray 6.88 mil
28%
India Tripura 4.34 mil
28%
Italy Apulia 3.90 mil
27%
Indonesia East Kalimantan 3.88 mil
27%
Bangladesh Khulna 18.2 mil
27%
Russia Krasnodar 5.74 mil
27%
India Manipur 3.22 mil
27%
Somalia Somaliland 4.39 mil
27%
Indonesia South Kalimantan 4.20 mil
27%
Indonesia West Kalimantan 5.57 mil
27%
Indonesia West Sumatra 5.67 mil
27%
Russia Dagestan 3.17 mil
25%
Mexico Guerrero 3.59 mil
25%
South Korea Gyeonggi 13.5 mil
25%
Brazil Pernambuco 9.81 mil
25%
Japan Saitama 7.10 mil
25%
Indonesia Special Region ofYogyakarta 3.78 mil
25%
Mexico Tamaulipas 3.54 mil
25%
Brazil Ceará 9.10 mil
24%
Indonesia Central Sulawesi 3.08 mil
24%
Mexico Coahuila 3.22 mil
24%
Japan Kanagawa 8.89 mil
24%
Taiwan New Taipei 4.38 mil
24%
Philippines Central Luzon 13.3 mil
23%
Mexico Guanajuato 6.26 mil
23%
Poland Masovia 5.98 mil
23%
Mexico Michoacán 4.78 mil
23%
Malaysia Johor 4.22 mil
22%
Uzbekistan Samarqand 4.01 mil
22%
Russia Chelyabinsk 3.36 mil
21%
Bangladesh Mymensingh 12.8 mil
21%
Brazil Piauí 3.39 mil
21%
Bangladesh Rajshahi 21.3 mil
21%
Bangladesh Rangpur 18.4 mil
21%
Malaysia Sabah 3.56 mil
21%
Japan Aichi 7.31 mil
20%
Brazil Alagoas 3.45 mil
20%
Indonesia Banten 12.3 mil
20%
Brazil Espírito Santo 4.10 mil
20%
South Africa Free State 2.91 mil
20%
Poland Greater Poland 3.80 mil
20%
South Africa Limpopo 5.92 mil
20%
Brazil Maranhão 7.33 mil
20%
Russia Bashkortostan 4.03 mil
19%
Indonesia East Nusa Tenggara 5.49 mil
19%
Mexico Hidalgo 3.14 mil
19%
Poland Lesser Poland 3.72 mil
19%
Brazil Paraíba 4.25 mil
19%
Indonesia Riau 6.65 mil
19%
Indonesia Jambi 3.65 mil
18%
Nigeria Kaduna 9.29 mil
18%
Indonesia West Nusa Tenggara 5.50 mil
18%
Afghanistan Herat 2.87 mil
17%
Indonesia Lampung 9.22 mil
17%
Poland Lower Silesia 3.15 mil
17%
Bangladesh Barisal 9.52 mil
16%
Philippines Southern TagalogMainland 17.4 mil
16%
Japan Hyōgo 5.29 mil
15%
Argentina Santa Fe 3.53 mil
15%
Japan Shizuoka 3.54 mil
15%
Russia Stavropol 2.85 mil
15%
Taiwan Taichung 3.05 mil
15%
Colombia Antioquia 6.98 mil
14%
Philippines Central Visayas 8.68 mil
14%
Iran East Azerbaijan 4.25 mil
14%
Nigeria Niger 6.98 mil
14%
Somalia Puntland 3.32 mil
14%
Russia Sverdlovsk 4.19 mil
14%
Angola Benguela 3.04 mil
13%
Nigeria Delta 5.80 mil
13%
Iran West Azerbaijan 3.65 mil
13%
Philippines Zamboanga Peninsula 4.16 mil
13%
Philippines Eastern Visayas 4.88 mil
12%
Philippines Muslim Mindanao 5.31 mil
12%
Nigeria Rivers 7.69 mil
12%
Philippines SOCCSKSARGEN 4.68 mil
12%
Nigeria Sokoto 6.58 mil
12%
D. R. Congo South Kivu 7.06 mil
12%
Philippines Western Visayas 8.54 mil
12%
Nigeria Enugu 4.83 mil
11%
Iran Kerman 3.56 mil
11%
Tanzania Mwanza 4.02 mil
11%
Myanmar Rakhine 3.35 mil
11%
Yemen Taiz 3.76 mil
11%
Ghana Ashanti 6.01 mil
10%
Egypt Asyut 5.34 mil
10%
Uzbekistan Fergana 3.88 mil
10%
Iran Khuzestan 5.21 mil
10%
Philippines Northern Mindanao 5.39 mil
10%
Nigeria Ondo 5.47 mil
10%
Nigeria Oyo 8.21 mil
10%
Malaysia Selangor 7.38 mil
10%
Philippines Bicol 6.53 mil
9%
Philippines Caraga 3.01 mil
9%
Philippines Ilocos 5.69 mil
9%
South Korea South Gyeongsang 3.33 mil
9%
D. R. Congo Tanganyika 3.79 mil
9%
Niger Zinder 5.69 mil
9%
Myanmar Bago 4.97 mil
8%
Nigeria Borno 6.29 mil
8%
Philippines Cagayan Valley 3.96 mil
8%
Nigeria Edo 4.92 mil
8%
Egypt Faiyum 4.33 mil
8%
Iran Fars 5.31 mil
8%
D. R. Congo Kasaï 3.41 mil
8%
Uzbekistan Namangan 2.92 mil
8%
Sudan South Darfur 4.30 mil
8%
Uzbekistan Andijan 3.24 mil
7%
Myanmar Ayeyarwady 6.32 mil
7%
Nigeria Bauchi 8.55 mil
7%
Nigeria Cross River 4.53 mil
7%
Ecuador Guayas 4.55 mil
7%
Angola Huambo 2.92 mil
7%
Egypt Minya 6.70 mil
7%
Nigeria Plateau 4.85 mil
7%
Egypt Qena 3.85 mil
7%
Iran Razavi Khorasan 7.36 mil
7%
Philippines Southwestern Tagalog 3.47 mil
7%
Venezuela Zulia 3.80 mil
7%
Nigeria Abia 4.26 mil
6%
Egypt Beni Suef 3.81 mil
6%
Nigeria Benue 6.32 mil
6%
Zambia Copperbelt 2.88 mil
6%
Colombia Cundinamarca 3.57 mil
6%
Nigeria Ekiti 3.70 mil
6%
Cameroon Far North 5.11 mil
6%
Sudan Gezira 5.82 mil
6%
Nigeria Gombe 4.07 mil
6%
D. R. Congo Haut-Katanga 5.71 mil
6%
Yemen Ibb 3.35 mil
6%
Nigeria Katsina 10.7 mil
6%
Mali Kayes 3.17 mil
6%
D. R. Congo Kongo Central 6.83 mil
6%
Iran Mazandaran 3.56 mil
6%
Mozambique Nampula 6.93 mil
6%
Iraq Nineveh 5.17 mil
6%
North Korea North Pyongan 2.97 mil
6%
Egypt Sohag 6.05 mil
6%
North Korea South Pyongan 4.07 mil
6%
Mozambique Tete 3.31 mil
6%
Nigeria Akwa Ibom 5.12 mil
5%
Iran Alborz 3.13 mil
5%
Yemen Al Hudaydah 3.93 mil
5%
Nigeria Anambra 6.13 mil
5%
Nepal Bagmati 6.44 mil
5%
Mozambique Cabo Delgado 2.86 mil
5%
Nigeria Ebonyi 3.34 mil
5%
Egypt Gharbia 5.85 mil
5%
Nigeria Imo 5.62 mil
5%
Nigeria Jigawa 7.72 mil
5%
Egypt Kafr El Sheikh 3.99 mil
5%
D. R. Congo Kasaï-Oriental 3.86 mil
5%
Cameroon Littoral 4.28 mil
5%
Nepal Lumbini 5.42 mil
5%
Niger Maradi 5.52 mil
5%
Mali Mopti 3.24 mil
5%
Nigeria Ogun 6.56 mil
5%
Nigeria Osun 4.56 mil
5%
Egypt Qalyubiyya 6.59 mil
5%
Myanmar Sagaing 5.48 mil
5%
Egypt Sharqia 8.47 mil
5%
Ethiopia Sidama 5.54 mil
5%
Mali Sikasso 4.20 mil
5%
North Korea South Hamgyong 3.33 mil
5%
Colombia Valle del Cauca 4.61 mil
5%
Mozambique Zambezia 6.25 mil
5%
Nigeria Zamfara 6.00 mil
5%
Egypt Dakahlia 7.59 mil
4%
Niger Dosso 3.21 mil
4%
D. R. Congo Kasaï-Central 4.04 mil
4%
Nigeria Kebbi 5.73 mil
4%
Nigeria Kogi 4.60 mil
4%
Myanmar Magway 3.97 mil
4%
Egypt Monufia 5.07 mil
4%
Nigeria Nasarawa 2.97 mil
4%
Niger Tahoua 5.18 mil
4%
Nigeria Taraba 3.71 mil
4%
Nigeria Yobe 3.76 mil
4%
Nigeria Adamawa 5.04 mil
3%
Egypt Beheira 7.35 mil
3%
D. R. Congo Haut-Lomami 3.66 mil
3%
Angola Huíla 3.52 mil
3%
D. R. Congo Ituri 4.39 mil
3%
Tanzania Kagera 3.25 mil
3%
Tajikistan Khatlon 3.61 mil
3%
Nigeria Kwara 3.65 mil
3%
D. R. Congo Kwilu 6.67 mil
3%
D. R. Congo Lomami 3.00 mil
3%
Nepal Madhesh 6.48 mil
3%
D. R. Congo Maniema 2.85 mil
3%
Togo Maritime 3.94 mil
3%
Venezuela Miranda 2.94 mil
3%
Vietnam Nghệ An 3.42 mil
3%
D. R. Congo Nord-Ubangi 8.14 mil
3%
Uzbekistan Qashqadaryo 3.39 mil
3%
Mali Ségou 3.72 mil
3%
D. R. Congo Sud-Ubangi 2.98 mil
3%
Tanzania Tabora 3.69 mil
3%
Niger Tillabéri 4.30 mil
3%
Madagascar Analamanga 4.24 mil
2%
Vietnam Đồng Nai 3.18 mil
2%
Tanzania Geita 3.24 mil
2%
Somalia Hirshabelle 2.89 mil
2%
Sudan Kassala 2.88 mil
2%
Mali Koulikoro 3.85 mil
2%
D. R. Congo Lualaba 3.18 mil
2%
Tanzania Morogoro 3.48 mil
2%
Thailand Nakhon Ratchasima 2.87 mil
2%
Ecuador Pichincha 3.34 mil
2%
Tajikistan Sughd 2.90 mil
2%
Vietnam Thanh Hóa 3.74 mil
2%
Somalia Galmudug 2.91 mil
1%
Uganda Wakiso 3.73 mil
1%
No matching quizzes found
Score Distribution
Percent of People with Each Score
Percentile by Number Answered
Your Score History
You have not taken this quiz